Visualizzazione normale
Vista MARC
- Tyson D.
di Personal Name
Records bibliografici associati: 1
001 - CONTROL NUMBER
- control field: 23344
003 - CONTROL NUMBER IDENTIFIER
- control field: IT-RoPau
005 - DATE AND TIME OF LATEST TRANSACTION
- control field: 20140501105824.0
008 - FIXED-LENGTH DATA ELEMENTS
- fixed length control field: 140501|| aca||aabn | a|a d
040 ## - CATALOGING SOURCE
- Original cataloging agency: IT-RoPau
- Transcribing agency: IT-RoPau
100 ## - HEADING--PERSONAL NAME
- Personal name: Tyson D.
- Miscellaneous information: Codice autore SPICS: 22338
- Relator term: Autore
- Name of part/section of a work: I Stand In Wonder
670 ## - SOURCE DATA FOUND
- Source citation: Work cat.: (IT-RoPau)99628: AA.VV. 794, Unchain My Heart (Lp 7482851)